Completely Hidden Countries of Europe Quiz Stats

 Plays Quiz Updated Jul 19, 2018

Score 0/47 Timer 08:00
7 Plays Today
% Correct
Russia
89.6%
France
89.4%
Belgium
87.8%
Germany
86.8%
Spain
86.6%
Poland
83%
Turkey
82.8%
Netherlands
82.6%
Italy
82.1%
United Kingdom
80.8%
Norway
80.6%
Ukraine
80.5%
Ireland
80.3%
Finland
79.5%
Sweden
78.6%
Switzerland
78%
Czechia
77.3%
Denmark
77.1%
Portugal
77%
Iceland
76.8%
Belarus
75.3%
Austria
75.3%
Romania
74.4%
Andorra
74%
% Correct
Vatican
73.9%
Latvia
73.8%
Luxembourg
73.3%
Lithuania
73.1%
Estonia
73%
San Marino
71.1%
Slovakia
70.7%
Monaco
68.8%
Bosnia
68.8%
Liechtenstein
68.7%
Moldova
68.5%
Hungary
68.4%
Bulgaria
68.3%
Greece
68.2%
Serbia
67.6%
Croatia
66.5%
Slovenia
65.9%
Macedonia
65.5%
Albania
65.4%
Kosovo
64.1%
Montenegro
63.9%
Cyprus
57.6%
Malta
54.6%

You're not logged in!

Compare scores with friends on all Sporcle quizzes.
Join for Free
OR
Log In

You Might Also Like...

Show Comments

Extras

Top Quizzes Today


Score Distribution

Your Account Isn't Verified!

In order to create a playlist on Sporcle, you need to verify the email address you used during registration. Go to your Sporcle Settings to finish the process.

Report this User

Report this user for behavior that violates our Community Guidelines.

Details: